000 00335nam a22001457a 4500
008 240126b ||||| |||| 00| 0 eng d
020 _a0521251214
041 _aeng
080 _21983
_a521
082 _a521HIR
100 _a19
101 _aASTRO
245 _aGLIMPSING AN INVISIBLE UNIVERSE
_cRICHARD .F.HIRSH
942 _2udc
_cBK
999 _c60547
_d60547